000 00301nam a2200133Ia 4500
008 150201s1998 xx 000 0 und d
082 _a617
_bC98H
100 _aHENRY,MICHAEL M
245 _aCLINICAL SURGERY
250 _a2ND
260 _bELSEVIER
_aDELHI
_c1998
650 _aSURGERY
942 _2ddc
_cBK
999 _c694
_d694